Southville International School and Colleges
Your cart is empty.
  • Cart
  • Lists
    Public lists list_1 View all
    Your lists Log in to create your own lists
  • Log in to your account
  • Your cookies
  • Search history
Southville International School and Colleges
  • Advanced search
  • Recent comments
  • Most popular
  • Libraries

Log in to your account

Log in with GOOGLE


If you do not have an external account, but do have a local account, you can still log in:

  1. Home
  2. MARC view: The phantom of the opera /
Normal view MARC view ISBD view

The phantom of the opera / (Record no. 287943)

[ view plain ]
MARC details
000 -LEADER
fixed length control field 00486nam a2200157Ia 4500
008 - FIXED-LENGTH DATA ELEMENTS--GENERAL INFORMATION
fixed length control field 150610s9999 xx 000 0 und d
020 ## - INTERNATIONAL STANDARD BOOK NUMBER
International Standard Book Number 0 352317167
050 ## - LIBRARY OF CONGRESS CALL NUMBER
Classification number PQ2623
Item number .E6 .L562 1995
100 ## - MAIN ENTRY--PERSONAL NAME
Personal name Leroux, Gaston
245 #4 - TITLE STATEMENT
Title The phantom of the opera /
Statement of responsibility, etc by Gaston Leroux; with a foreword by Peter Haining.
260 ## - PUBLICATION, DISTRIBUTION, ETC. (IMPRINT)
Place of publication, distribution, etc Great Britain :
Name of publisher, distributor, etc Virgin Books,
Date of publication, distribution, etc 1995.
300 ## - PHYSICAL DESCRIPTION
Extent 265pages ;
Dimensions 18 cm.
520 ## - SUMMARY, ETC.
Summary, etc Fiction.
650 ## - SUBJECT ADDED ENTRY--TOPICAL TERM
Topical term or geographic name as entry element Composers
General subdivision Fiction.
650 ## - SUBJECT ADDED ENTRY--TOPICAL TERM
Topical term or geographic name as entry element Opera
General subdivision Fiction.
Holdings
Withdrawn status Lost status Damaged status Home library Current library Shelving location Date acquired Total Checkouts Full call number Barcode Date last seen Price effective from Koha item type
      Stonyhurst Southville International School (Batangas) Stonyhurst Southville International School (Batangas)   06/10/2015   PQ2623.E6 .L562 1995 US-0797 06/10/2015 06/10/2015 Books

The phantom of the opera /

APA

Leroux G., . (1995). The phantom of the opera. Great Britain: Virgin Books.

Chicago

Leroux Gaston, . 1995. The phantom of the opera. Great Britain: Virgin Books.

Harvard

Leroux G., . (1995). The phantom of the opera. Great Britain: Virgin Books.

MLA

Leroux Gaston, . The phantom of the opera. Great Britain: Virgin Books. 1995.

  • Place hold
  • Print
  • Cite
  • Add to your cart (remove)
  • Save record
    BIBTEX Dublin Core MARCXML MARC (non-Unicode/MARC-8) MARC (Unicode/UTF-8) MARC (Unicode/UTF-8, Standard) MODS (XML) RIS
  • More searches
    Search for this title in:
    Other Libraries (WorldCat) Other Databases (Google Scholar) Online Stores (Bookfinder.com) Open Library (openlibrary.org)

Exporting to Dublin Core...

SOUTHVILLE LIBRARY

Southville International School and Colleges Library

1281 Tropical Ave. Cor. Luxembourg St., BF Homes International, Las Pinas City

Tel. No. 8256374 / 252358 Loc. 117/146

Powered by Koha